The ULTIMATE Beatles Trivia Quiz 2! - Statistics

General Stats
  • This quiz has been taken 47 times
    3 since last reset
  • The average score is 9 of 15
Answer Stats
Hint Answer % Correct
Along with George Martin and Brian Epstein, who is most frequently named as the 'Fifth Beatle'? Billy Preston
100%
Maureen Tigrett, who was Ringo's wife at the time, had an affair with which other Beatle? George
100%
Which classic Beatle's single begins with: "Dear sir or madam will you read my book"? Paperback Writer
100%
Who coined the term 'Tomorrow Never Knows' which would go on to become to title to the last track to play on Revolver? Ringo
100%
In Yellow Submarine, how many songs begin with; 'Sea of...". 3
67%
Which Let It Be hit is Sir Paul McCartney said to have manifested live on camera during the filming of the same Album? Get Back
67%
Who did George meet on the set of 'A Hard Day's Night' who later became on to be his wife, and even later, Eric Clapton's wife? Pattie Boyd
67%
What was, in George's own words, his least favourite album of the Beatles entire discography? Sgt Pepper
67%
One of the many 'clues' into the hidden mystery surrounding the alleged death of Paul in 1966 is supposedly John being heard saying 'I buried Paul' at the end of Strawberry Fields Forever, but after being interviewed, what did he reveal he was actually saying? Cranberry sauce
33%
What is the first Beatles song to include reversed audio in the finished product? Rain
33%
What was the name of the band Ringo belonged to before joining the Beatles? Rory Storm and the Hurricanes
33%
It is well-known that The Beatles were, in their very early years, known as 'The Quarrymen', but which colour did John add to The Beatles before simplifying it to the name we know today? Silver
33%
Aside from the UK, which country did the Beatles tour first? Sweden
33%
...and who did John Lennon accuse of purposefully staring at during the rehearsals of the same song? Yoko Ono
33%
The Fab Four famously appeared on US National Television in 1963 on the Ed Sullivan show, but to how many estimated viewers? 73 million
0%
No matching quizzes found
Score Distribution
Percent of People with Each Score
Percentile by Number Answered
Your Score History
You have not taken this quiz since the last reset